banner-ar

تاريخ ووصف قلعة القاهرة / (Record no. 39251)

MARC details
000 -الفاتح
حقل البيانات ثابتة الطول 00620nam a2200229Ia 4500
008 - عناصر البيانات ثابتة الطول - معلومات عامة
حقل البيانات ثابتة الطول 140319s9999 xx 000 0 ara d
040 ## - مصدر الفهرسة
وكالة الفهرسة الأصلية GCL /
وكالة النسخ GCL
082 04 - رقم تصنيف ديوى العشرى
رقم التصنيف ق
رقم المادة 728.81
-- ك ت
100 1# - المدخل الرئيسى - إسم شخصى
الإسم الشخصى كازانوفا، بول
245 10 - بيان العنوان
العنوان تاريخ ووصف قلعة القاهرة /
بيان المسئوليه,etc كازانوفا، بول
700 1# - المدخل الاضافى - اسم شخصى
الإسم الشخصى جمال محرز
700 1# - المدخل الاضافى - اسم شخصى
الإسم الشخصى احمد دراج
300 ## - الوصف المادى
التعداد 253 ص
490 ## - بيان السلسلة
عنوان السلسلة
650 04 - المدخل الاضافى بالموضوع-مصطلح موضوعى
مصطلح موضوعي مصر
650 04 - المدخل الاضافى بالموضوع-مصطلح موضوعى
مصطلح موضوعي تاريخ
650 04 - المدخل الاضافى بالموضوع-مصطلح موضوعى
مصطلح موضوعي قلعة صلاح الدين
650 04 - المدخل الاضافى بالموضوع-مصطلح موضوعى
مصطلح موضوعي القاهرة
650 04 - المدخل الاضافى بالموضوع-مصطلح موضوعى
مصطلح موضوعي القلاع والحصون
942 ## - عناصر المدخل الإضافي( كوها)
مصدر التصنيف او مخطط الترفيف Dewey Decimal Classification
Koha [default] item type كتاب
Holdings
حالة التراجع حالة الفقد حالة تلف ليس للاعارة المكان المؤقت الموقع الحالى تاريخ الاكتساب اجمالي اﻻعارات رقم الطلب الباركود تاريخ اخر مشاهدة تاريخ تفعيل السعر نوع وعاء كوها
        مكتبة القاهرة الكبرى مكتبة القاهرة الكبرى 03/26/2014   ق\728.81\ك ت 96067 03/26/2014 03/26/2014 كتاب

Powered By

EGPV